000 00319nam a22001337a 4500
008 181023b xxu||||| |||| 00| 0 eng d
020 _a9780805825305
041 _aeng
080 _a371
100 _a46
101 _aEDU
245 _aFragile Evidence a Critique of Reading Assessment
_cMurphy,Sh
942 _2udc
_cBK
999 _c50568
_d50568